Technická příručka o těsnění /

Other Authors: Bouček, Zdeněk
Language: Czech
Published: Náchod : České závody gumárenské, 1963
Physical Description: 200 s.
Book
Saved in:
LEADER 00657nam a22002172a 4500
001 000956998
003 CZ BrMZK
005 20091112124149.0
007 ta
008 090721s1963 xr er|||||||||||cze d
015 |a cnb000524033 
035 |a (OCoLC)42090676 
040 |a BOA001  |b cze 
245 0 0 |a Technická příručka o těsnění /  |c sestavil Zdeněk Bouček ... [et al.] 
260 |a Náchod :  |b České závody gumárenské,  |c 1963 
300 |a 200 s. 
700 1 |a Bouček, Zdeněk  |4 edt 
910 |a BOA001  |b 1-0498.087 
990 |a BK 
991 |b 200907 
996 6 |b 2619447909  |c 1-0498.087  |l MZK  |r Sklad / do 1 hodiny  |n 0  |w 001089116  |u 000010  |a 1  |e BOA001  |j MZK50  |s P